00763nam a22001817a 4500003000900000008004100009040007100050082001800121100001700139245008800156260003800244300002800282505019400310650001700504650001200521650001300533700003500546AR-CdUCM190522b ||||| |||| 00| 0 spa d aMUNICIPALIDAD PROVINCIAL DEL CUSCOcBIBLIOTECA MUNICIPAL DEL CUSCO a372.33 /bP52 aPiaget, Jean aEl lenguaje y el pensamiento en el niño :bestudio sobre la lógica del niño / aBuenos Aires :bGuadalupe,c1972. a191 páginas ;c23 cm. aContenido: Las funciones del lenguaje en dos niños de seis años -- La medida del lenguaje egocéntrico en los intercambios verbales con el adulto y en los intercambios entre niños... aPsicología aNiñez aLenguaje aRiani, Mercedes (traducción)